Understanding Islam Basic Principles (Record no. 351436)

000 -LEADER
fixed length control field 00551nam a22001817a 4500
003 - CONTROL NUMBER IDENTIFIER
control field OSt
005 - DATE AND TIME OF LATEST TRANSACTION
control field 20180116183046.0
008 - FIXED-LENGTH DATA ELEMENTS--GENERAL INFORMATION
fixed length control field 160720b xxu||||| |||| 00| 0 eng d
020 ## - INTERNATIONAL STANDARD BOOK NUMBER
International Standard Book Number 9781859641347
040 ## - CATALOGING SOURCE
Transcribing agency 0
082 ## - DEWEY DECIMAL CLASSIFICATION NUMBER
Classification number 297 UND 2000
100 ## - MAIN ENTRY--PERSONAL NAME
Personal name Published by garner Publishing Limited
245 ## - TITLE STATEMENT
Title Understanding Islam Basic Principles
Statement of responsibility, etc. Published by garner Publishing Limited
260 ## - PUBLICATION, DISTRIBUTION, ETC.
Place of publication, distribution, etc. UK
Name of publisher, distributor, etc. Published by garner Publishing Limited
Date of publication, distribution, etc. 2000
300 ## - PHYSICAL DESCRIPTION
Extent 99 p.
Other physical details PB
440 ## - SERIES STATEMENT/ADDED ENTRY--TITLE
Title Understanding Islam Basic Principles
942 ## - ADDED ENTRY ELEMENTS (KOHA)
Source of classification or shelving scheme
Koha item type Book
Holdings
Withdrawn status Lost status Source of classification or shelving scheme Damaged status Not for loan Collection code Permanent Location Current Location Shelving location Date acquired Total Checkouts Full call number Barcode Date last seen Date last checked out Price effective from Koha item type
            Central Library (CL) Central Library (CL) General Stacks 07/20/2016 2 297 UND 2000 NBSD-2627 06/29/2025 06/12/2025 07/20/2016 Book
© 2023 Central Library, National University of Sciences and Technology. All Rights Reserved.